| Поле | Инд. | ПП | Название | Значение |
|---|---|---|---|---|
| Тип записи | a | |||
| Библиографический уровень | m | |||
| 001 | Контрольный номер | 5a7917c189da4bd6b6b9490bdca97b6c | ||
| 005 | Дата корректировки | 20260702152758.5 | ||
| 040 | a | Служба первич. каталог. | 10013504 | |
| b | Код языка каталог. | rus | ||
| e | Правила каталог. | PSBO | ||
| 041 | 0_ | a | Код языка текста | rus |
| 090 | a | Полочн. индекс | 669 | |
| x | Авторский знак | Ц 852 | ||
| r | Идентификатор организации | 10013504 | ||
| 100 | 1_ | a | Автор | Цукерман С.А. |
| 245 | 10 | a | Заглавие | Порошковая металлургия |
| c | Ответственность | АН СССР | ||
| 260 | a | Место издания | Москва | |
| b | Издательство | Издательство АН СССР | ||
| c | Дата издания | 1958 | ||
| 300 | a | Объем | 160 с. | |
| b | Иллюстрации/ тип воспроизводства | ил. | ||
| 440 | _0 | a | Серия | Научно-популярная серия |
| 504 | a | Библиография | Библиогр.: с. 158-159 | |
| 520 | 0_ | a | Аннотация | Брошюра посвящена важной отрасли современной техники — порошковой металлургии, или металлокерамике, которая занимается изготовлением металлических порошков и разнообразных изделий их них. Дается история возникновения и развития металлокерамики, описывается технология, свойства и применение металлокерамических материалов и изделий из них, а также экономика и перспективы развития порошковой металлургии. |
| 653 | 0_ | a | Ключевые слова | МЕТАЛЛОКЕРАМИКА; ПОРОШКОВАЯ МЕТАЛЛУРГИЯ |
| 900 | a | Имя макрообъекта | обложка.Порошковая металлургия . С.А. Цукерман;,1958 | |
| 901 | t | Тип документа | m | |
| 952 | a | Тип литературы для КСУ ВШ | БНпР |